1949 1167 1301 1217 1755 1138 1223 1557 1066 1371 1865 1778 1281 1525 1382 1287 1643 1660 1430 1057 1661 1439 1376 1876 1544 1018 1339 1191 1531 1367 1943 1243 1108 1529 1781 1724 1782 1326 1158 1601 1449 1111 1416 1409 1020 1859 1430 1548 1005 1077 1663 1228 1964 1603 1757 1826 1823 1995 1241 1185 1179 1223 1146 1147 1848 1939 1025 1956 1721 1112 1762 1683 1876 1824 1080 1378 1052 1869 1373 1349 1240 1732 1454 1256 1245 1652 1307 1592 1011 1300 1424 1351 1279 1674 1235 1873 1311 1742 1292 BCNSPRNW ULIB Ver.6.0+V

เปลี่ยนเป็นภาษาไทย

Change to English
 แสดงรายละเอียดบรรณานุกรม
  กลับหน้าหลัก

Brief Record : Get Marc (ISO 2709) : E-mail record : QR code < ปิดหน้าต่าง
LEADER : 00000nam 2200000uu 4500
001    13399126961
003     ULIB
008    190918s2561||||th 000 0 tha d
020 ^9 ^a9786163144003
060 ^W ^aWM430.5.F2^bส353ก
100 0^ aสดใส คุ้มทรัพย์อนันต์
245 10 ^aกลุ่มครอบครัวบำบัดแนวแซทเทียร์ =Family group therapy/สดใส คุ้มทรัพย์อนันต์.
250 ^ฉ ^aฉบับพิมพ์ครั้งที่ 1.
260 ^ก ^aกรุงเทพฯ :^bสำนักพิมพ์มหาวิทยาลัยธรรมศาสตร์,^c2561
300 ^1 ^a131 หน้า :^bภาพประกอบ.
505 ^บ ^aบทที่ 1 การปฏิบัติงานสังคมสงเคราะห์คลินิก: กลุ่มบำบัด - - บทที่ 2 แนวคิดกลุ่มครอบครัวบำบัด - - บทที่ 3 กลุ่มครอบครัวบำบัดในการปฏิบัติงานสังคมสงเคราะห์คลินิก - - บทที่ 4 พลวัตกลุ่ม (Group Dynamic) และทักษะการทำกลุ่มบำบัด - - บทที่ 5 กลุ่มครอบครัวบำบัดผู้ที่มีความบกพร่องทางสติปัญญา - - บทที่ 6 กระบวนการทำกลุ่มครอบครัวบำบัด: การประเมิน - - บทที่ 7 กระบวนการทำกลุ่มครอบครัวบำบัด: การบำบัด - - บทที่ 8 ผลลัพธ์ของกระบวนการกลุ่มครอบครัวบำบัด
650 ^4 ^aครอบครัวบำบัด.
945    ^p159^l0^i27726
945    ^p159^l0^i27725
945    ^p159^l0^i27724
945    ^p159^l0^i27722
945    ^p159^l0^i27723
999    ^aกัณชพร จุลอักษร
รายการนี้ยังไม่มีแท็ก
คุณยังไม่ได้ล็อกอิน คุณสามารถมีกิจกรรมร่วมกับเว็บไซต์ได้ แต่ต้องล็อกอินก่อน ::
  ล็อกอิน

รายการสื่อสารสนเทศ

ลำดับที่ ประเภท เลขเรียก/บาร์โค้ด สถานที่ สถานะ
1. หนังสือสำรอง
หนังสือสำรอง
WM430.5.F2 ส353ก ฉ.1 
  Barcode: 27722
ห้องสมุดวิทยาเขตนครสวรรค์
►หนังสือทั่วไป:l:General Books
บนชั้น
2. วิทยาศาสตร์การแพทย์ และสุขภาพ
วิทยาศาสตร์การแพทย์ และสุขภาพ
WM430.5.F2 ส353ก ฉ.2 
  Barcode: 27723
ห้องสมุดวิทยาเขตนครสวรรค์
►หนังสือทั่วไป:l:General Books
บนชั้น
3. วิทยาศาสตร์การแพทย์ และสุขภาพ
วิทยาศาสตร์การแพทย์ และสุขภาพ
WM430.5.F2 ส353ก ฉ.3 
  Barcode: 27724
ห้องสมุดวิทยาเขตนครสวรรค์
►หนังสือทั่วไป:l:General Books
บนชั้น
4. วิทยาศาสตร์การแพทย์ และสุขภาพ
วิทยาศาสตร์การแพทย์ และสุขภาพ
WM430.5.F2 ส353ก ฉ.4 
  Barcode: 27725
ห้องสมุดวิทยาเขตนครสวรรค์
►หนังสือทั่วไป:l:General Books
บนชั้น
5. วิทยาศาสตร์การแพทย์ และสุขภาพ
วิทยาศาสตร์การแพทย์ และสุขภาพ
WM430.5.F2 ส353ก ฉ.5 
  Barcode: 27726
ห้องสมุดวิทยาเขตนครสวรรค์
►หนังสือทั่วไป:l:General Books
บนชั้น

รายการใกล้เคียง
    ชื่อเรื่อง [กลุ่มครอบครัวบำบัดแนวแซทเทียร์ =Family group therapy/สดใส คุ้มทรัพย์อนันต์.]

    หัวเรื่อง [ครอบครัวบำบัด.]

BibComment


ยังไม่เคยถูกคอมเมนท์

คอมเมนท์ทรัพยากรรายการนี้
  คอมเมนท์: กลุ่มครอบครัวบำบ..


 Copyright 2026. Bcnsprnw @Library